Giải mật: Tiểu thuyết hay nhất Trung Quốc năm 2002

Guardado en:
Detalles Bibliográficos
Autor principal: Mạch, Gia
Formato: Libro
Lenguaje:Undetermined
Publicado: Hà Nội Công an nhân dân 2010
Materias:
Etiquetas: Agregar Etiqueta
Sin Etiquetas, Sea el primero en etiquetar este registro!
Thư viện lưu trữ: Trung tâm Học liệu Trường Đại học Cần Thơ
LEADER 00653nam a2200217Ia 4500
001 CTU_153826
008 210402s9999 xx 000 0 und d
020 |c 56000 
082 |a 895.1352 
082 |b Gi100 
100 |a Mạch, Gia 
245 0 |a Giải mật: 
245 0 |b Tiểu thuyết hay nhất Trung Quốc năm 2002 
245 0 |c Mạch Gia; Sơn Lê dịch 
260 |a Hà Nội 
260 |b Công an nhân dân 
260 |c 2010 
650 |a Chinese fiction,Văn học Trung Quốc hiện đại 
650 |y 21st century 
904 |i Nguyên 
980 |a Trung tâm Học liệu Trường Đại học Cần Thơ